Culture Générale : Géographie - Statistiques

Statistiques générales
  • Ce quiz a été pris 456 fois
  • Le résultat moyen est 8 sur 20
Statistiques - réponses
Question Réponse % Correct
Une grande partie de ce pays est recouvert par la Forêt Amazonienne. Brésil
78%
Dans quel pays se trouve la Forêt Noire ? Allemagne
77%
Dans quel océan vous trouvez-vous si vous séjournez aux Îles Galapagos ? Pacifique
76%
Quelle est la capitale de Madagascar ? Antananarivo
75%
Seul pays à posséder un drapeau non rectangulaire. Le Népal
58%
Quelle est la ville la plus peuplée du Canada ? Toronto
58%
Fleuve traversant une majorité de pays européens ? Le Danube
54%
Lac le plus grand d'Afrique. Lac Victoria
52%
Quel pays a dépassé la Chine en 2023,en terme de population ? L'Inde
43%
Célèbre ville du Moyen-Orient connue pour son savon. Alep
37%
Pays enclavé entre la France et l'Espagne. L'Andorre
35%
Comment se nomme le détroit situé entre l'Alaska et la Russie ? Détroit de Béring
33%
L'Afrique du Sud possède 3 capitales : Le Cap, Pretoria et... Bloemfontein
32%
Île indonésienne où vivent principalement les Orang-outan. Bornéo
28%
Région géographique appelée jadis « Croissant Fertile ». Mésopotamie
27%
Chaîne de montagnes marquant la limite entre la Russie européenne et la Russie asiatique. L'Oural
26%
Comment appelle-t-on les habitants de Rio de Janeiro ? Les Cariocas
25%
Détroit important pour les échanges et le commerce mondial situé en Asie du Sud-Est. Détroit de Malacca
13%
Dans l'ordre,quelles sont les 3 couleurs du drapeau de la Côte d'Ivoire ? Orange,Blanc et Vert
11%
Désert le plus aride au monde. Désert d'Atacama
7%
Aucun quiz correspondant
Distribution des résultats
% des personnes avec chaque résultat
Percentile par nombre de réponses
Votre historique - résultats
Vous n’avez pas pris ce quiz